La Presunción de certeza, en el derecho administrativo sancionador (Registro nro. 313244)

Detalles MARC
000 -ENCABEZADO
Número de control [NR] 00647 a2200169 4500
005 - FECHA Y HORA DE LA ÚLTIMA TRANSACCIÓN
control field 20190806102654.0
008 - DE LONGITUD FIJA DE DATOS DE ELEMENTOS - INFORMACIÓN GENERAL
Elementos de longitud fija [NR] 190612b1994 sp ||||| |||| 00| 0 spa d
020 ## - NUMERO INTERNACIONAL NORMALIZADO PARA LIBROS [R]
Número Internacional Normalizado del libro [NR] 8447003078
040 ## - FUENTE DE CATALOGACION [NR]
Agencia de catalogación original [NR] CO-BoUCM
Idioma de catalogación [NR] spa
Quien Cataloga Oscar Ávila (modificó)
Quien Clasifica Oscar Ávila (modificó)
041 0# - CODIGO DE IDIOMA [R]
Código de idioma para texto/pista de sonido o título separado [R] Español
100 10 - ASIENTO PRINCIPAL--NOMBRE PERSONAL [NR]
Nombre personal [NR] Aguado i Cudolà, Vicenç
ID Autoridad 97171
245 13 - MENCION DE TITULO [NR]
Título [NR] La Presunción de certeza, en el derecho administrativo sancionador
Mención de responsabilidad, etc. [NR] Vicenç Aguado i Cudolà
260 ## - PUBLICACION, DISTRIBUCION, ETC. (PIE DE IMPRENTA) [R]
Nombre del editor, distribuidor, etc. [R] Editorial Civitas
Fecha de publicación, distribución, etc. [R] 1994
Lugar de publicación, distribución, etc. [R] Madrid
Fecha de fabricación [R] 1994
650 #7 - ASIENTO SECUNDARIO DE MATERIA - TERMINO TEMATICO [R]
9 (RLIN) 12695
Término temático o nombre geográfico como elemento de entrada [NR] Derecho administrativo
Subdivisión general [R] Legislación
942 ## - ELEMENTOS DE ENTRADA AGREGADOS (KOHA)
Tipo de ítem principal el descrito en 300a Libro
Sistema de clasificación DEWEY
Tema principal Derecho
Edición 1
Clasificación 342.4606
Parte restante de la signatura top. A282p
Título oculto en OPAC No
Existencias
Signatura topográfica Código de barras Última vez visto Ejemplar Costo de reposición Price effective from Tipo de ítem Perdido Sistema de clasificación Dañado No prestable Tipo de ítem específico Suprimido Ubicación habitual Ubicación actual Localización Fecha de creación Proveedor Forma de adquisición Costo
342.4606 A282p 100161397 06/12/2024 Ej.1 26000.00 11/06/2019 Libro   DEWEY     Libro   BodegaJK Claustro Préstamo 2 días después de solicitado 11/06/2019 12 Donación 0.00